000 00292pam a2200133 a 4500
020 _c
041 _aeng
082 _bBHA
100 _aManisha Bharambhe .
245 _aOperarting System
_hTextual Documents
260 _aPune
_bNirali Prakashan
_c2022
300 _a5.44p.
930 _a18347
999 _c95247
_d95247